000 00452nam a2200193Ia 4500
008 151121s9999||||xx |||||||||||||| ||und||
082 _a338।95/
082 _bHNW-18213
100 _aPublisher
245 _aSecond Five Year Plan
260 _bGovt। Of India।
260 _c--
300 _a652
600 _aPublisher
630 _aSecond Five Year Plan
700 _aPublisher
730 _aSecond Five Year Plan
942 _cBOOK
999 _c1220161
_d1220158